[Event "GER-ch U25-C"]
[Site "Willingen"]
[Date "2023.05.31"]
[Round "6"]
[White "Weinberger, Maxim"]
[Black "Tarasenko, Ruslan"]
[Result "1-0"]
[WhiteElo "1310"]
[BlackElo "1087"]
[PlyCount "37"]
[EventDate "2023.05.27"]
[EventType "swiss"]
[EventRounds "9"]
[EventCountry "GER"]
[SourceTitle "CBM 214 Extra"]
[Source "ChessBase"]
[SourceDate "2023.07.31"]
[SourceVersion "1"]
[SourceVersionDate "2023.07.31"]
[SourceQuality "1"]

1. e4 e5 2. Nc3 Nf6 3. f4 d6 4. Nf3 Nc6 5. Be2 exf4 6. 0-0 Qe7 7. d3 Bd7 8. Bxf4 h6 9. Bg3 g5 10. Nd5 Nxd5 11. exd5 Nd4 12. Nxd4 Qe3+ 13. Bf2 Qe5 14. Bf3 0-0-0 15. Re1 Qg7 16. Bg4 Kb8 17. Bxd7 h5 18. Qe2 a5 19. Nb5 1-0

[Event "GER-chT U16"]
[Site "Kiel"]
[Date "2022.07.24"]
[Round "3.8"]
[White "Franzky, Julian"]
[Black "Weinberger, Maxim"]
[Result "1-0"]
[WhiteElo "1382"]
[BlackElo "1153"]
[PlyCount "103"]
[EventDate "2022.07.22"]
[EventType "team-swiss"]
[EventRounds "7"]
[EventCountry "GER"]
[SourceTitle "CBM 209 Extra"]
[Source "ChessBase"]
[SourceDate "2022.09.30"]
[SourceVersion "1"]
[SourceVersionDate "2022.09.30"]
[SourceQuality "1"]
[WhiteTeam "Tegernsee"]
[BlackTeam "Kelheim"]
[WhiteTeamCountry "GER"]
[BlackTeamCountry "GER"]

1. e4 e5 2. Nf3 Nc6 3. Bc4 Nf6 4. d3 h6 5. Be3 Be7 6. c3 d6 7. 0-0 Be6 8. Bb3 0-0 9. Nbd2 d5 10. exd5 Bxd5 11. Bxd5 Qxd5 12. Nb3 e4 13. dxe4 Qxd1 14. Raxd1 Nxe4 15. Rfe1 a5 16. Bxh6 Nxf2 17. Bxg7 Kxg7 18. Kxf2 a4 19. Nbd4 Bc5 20. Kf1 Nxd4 21. Nxd4 Ra6 22. Nf5+ Kh7 23. Rd5 Rc6 24. Ree5 b6 25. Nd4 Rf6+ 26. Nf3 Rg8 27. Rh5+ Kg7 28. Rhg5+ Kh7 29. Rh5+ Kg7 30. Rdg5+ Kf8 31. Rxg8+ Kxg8 32. Re5 Kf8 33. Rd5 Bd6 34. Rd4 a3 35. bxa3 Bxa3 36. Ke2 Re6+ 37. Kd2 Bc5 38. Rd3 Rg6 39. g3 b5 40. Ne5 Rg5 41. Nd7+ Kg7 42. Nxc5 Rxc5 43. Rd4 Kg6 44. a3 f5 45. c4 bxc4 46. Kc3 f4 47. Rxf4 Ra5 48. Kb4 Rh5 49. h4 c3 50. Kxc3 Rc5+ 51. Rc4 Rxc4+ 52. Kxc4 1-0

[Event "DSOL 07 Liga Gr-D 1st"]
[Site "Playchess.com INT"]
[Date "2020.08.04"]
[Round "7.3"]
[White "Weinberger, Maxim"]
[Black "Hellmich, Michael"]
[Result "1-0"]
[WhiteElo "931"]
[BlackElo "1515"]
[PlyCount "97"]
[EventDate "2020.06.22"]
[EventType "team-tourn (rapid)"]
[EventCountry "GER"]
[SourceTitle "EXT 2021"]
[Source "ChessBase"]
[SourceDate "2020.10.23"]
[SourceVersion "1"]
[SourceVersionDate "2020.10.23"]
[SourceQuality "1"]
[WhiteTeam "Kelheim III"]
[BlackTeam "Paderborn Blauer Springer III"]
[WhiteTeamCountry "GER"]
[BlackTeamCountry "GER"]

1. e4 d5 2. exd5 Nf6 3. Nc3 c6 4. dxc6 Nxc6 5. Nf3 Bg4 6. h3 Bf5 7. Bd3 Bxd3 8. cxd3 Qxd3 9. Qe2 Qxe2+ 10. Nxe2 Nb4 11. 0-0 0-0-0 12. a4 Ne4 13. d4 e6 14. Bf4 Nd3 15. Rfd1 Nxf4 16. Nxf4 Bd6 17. Rac1+ Kb8 18. g3 Bxf4 19. gxf4 Nf6 20. Ne5 Rhf8 21. b4 Nd5 22. b5 Nxf4 23. Kh2 Ne2 24. Rb1 Rxd4 25. b6 a6 26. Rxd4 Nxd4 27. Nd7+ Kc8 28. Nxf8 Nc6 29. Nxh7 Kd7 30. Rd1+ Ke7 31. f4 f6 32. h4 Nd8 33. h5 Nf7 34. Re1 Nd6 35. Kh3 Kf7 36. Kg4 f5+ 37. Kg5 Ne4+ 38. Kh4 Nc5 39. Ng5+ Ke7 40. a5 Kf6 41. Nh7+ Kf7 42. Ng5+ Kf6 43. Nh7+ Kf7 44. Kg3 Ne4+ 45. Kf3 Nf6 46. Nxf6 gxf6 47. Rh1 Kg7 48. h6+ Kh7 49. Ke3 1-0